Skip to main content
Your cart is empty.
Your lists
Log in to create your own lists
Your cookies
العربية
English
العربية
Home
Search
Advanced search
Authority search
About
The noble scholar, jurist, historian
His Excellency Dr. Abdul Wahhab bin Ibrahim Abu Sulaiman, may Allah have mercy on him.
He was born in Umm Al-Qura in the year 1356 AH.
Library catalog
Title
Author
Subject
ISBN
ISSN
Series
Call number
Log in to your account
×
Login:
Password:
Home
MARC view: الاتجاهات نحو علم النفس لدى طلاب بعض الجامعات السعودية :
Normal view
MARC view
ISBD view
الاتجاهات نحو علم النفس لدى طلاب بعض الجامعات السعودية : (Record no. 8008)
[
view plain
]
MARC details
000 -LEADER
fixed length control field
01546cam a22003131i 4500
003 - CONTROL NUMBER IDENTIFIER
control field
SA-RiAUC
005 - DATE AND TIME OF LATEST TRANSACTION
control field
20250518091617.0
008 - FIXED-LENGTH DATA ELEMENTS--GENERAL INFORMATION
fixed length control field
250513s1996 su a f b f000 0 ara c
040 ## - CATALOGING SOURCE
Original cataloging agency
SA-RiAUC
Language of cataloging
ara
Transcribing agency
SA-RiAUC
Description conventions
rda
043 ## - GEOGRAPHIC AREA CODE
Geographic area code
a-su---
050 #4 - LIBRARY OF CONGRESS CALL NUMBER
Item number
Q26 1996
082 04 - DEWEY DECIMAL CLASSIFICATION NUMBER
Classification number
150.71109531
Assigning agency
SA-RiAUC
090 ## - LOCALLY ASSIGNED LC-TYPE CALL NUMBER (OCLC); LOCAL CALL NUMBER (RLIN)
Classification number (OCLC) (R) ; Classification number, CALL (RLIN) (NR)
150.71109531
Local cutter number (OCLC) ; Book number/undivided call number, CALL (RLIN)
ق ح ط
100 1# - MAIN ENTRY--PERSONAL NAME
Personal name
القحطاني، محمد مرعي جبران
Relator term
مؤلف.
245 12 - TITLE STATEMENT
Title
الاتجاهات نحو علم النفس لدى طلاب بعض الجامعات السعودية :
Remainder of title
دراسة وصفية تحليلية مقارنة /
Statement of responsibility, etc.
محمد مرعي جبران القحطاني.
250 ## - EDITION STATEMENT
Edition statement
الطبعة الأولى.
264 #1 - PRODUCTION, PUBLICATION, DISTRIBUTION, MANUFACTURE, AND COPYRIGHT NOTICE
Place of production, publication, distribution, manufacture
مكة المكرمة :
Name of producer, publisher, distributor, manufacturer
جامعة أم القرى، معهد البحوث العلمية وإحياء التراث الإسلامي،
Date of production, publication, distribution, manufacture, or copyright notice
1996
300 ## - PHYSICAL DESCRIPTION
Extent
208 صفحة :
Other physical details
جداول ؛
336 ## - CONTENT TYPE
Content type term
نص
Content type code
txt
Source
rdacontent
Materials specified
كتاب
337 ## - MEDIA TYPE
Media type term
بدون وسيط
Media type code
n
Source
rdamedia
338 ## - CARRIER TYPE
Carrier type term
مجلد
Carrier type code
nc
Source
rdacarrier
490 1# - SERIES STATEMENT
Series statement
سلسلة الرسائل العلمية الموصى بطبعها ؛
Volume/sequential designation
1
500 ## - GENERAL NOTE
General note
الأصل أطروحة (ماجستير)-جامعة أم القرى، كلية التربية، 1415 هـ.
504 ## - BIBLIOGRAPHY, ETC. NOTE
Bibliography, etc. note
ببليوجرافية : صفحة 169-181.
650 #7 - SUBJECT ADDED ENTRY--TOPICAL TERM
Topical term or geographic name entry element
علم النفس
General subdivision
دراسة وتعليم (عالي)
Geographic subdivision
السعودية
Source of heading or term
aucsh
830 #0 - SERIES ADDED ENTRY--UNIFORM TITLE
Uniform title
الرسائل العلمية (جامعة أم القرى)
Volume/sequential designation
1
942 ## - ADDED ENTRY ELEMENTS (KOHA)
Source of classification or shelving scheme
Dewey Decimal Classification
Koha item type
Books
Suppress in OPAC
No
949 ## - LOCAL PROCESSING INFORMATION (OCLC)
a
SA-JeALM
d
250513
u
mohamedma123
n
1
Holdings
Withdrawn status
Lost status
Source of classification or shelving scheme
Damaged status
Not for loan
Home library
Current library
Date acquired
Total checkouts
Full call number
Barcode
Date last seen
Price effective from
Koha item type
Dewey Decimal Classification
DR AbdElwahab Library
DR AbdElwahab Library
05/18/2025
150.71109531 ق ح ط
000013250
05/18/2025
05/18/2025
Books
Dewey Decimal Classification
DR AbdElwahab Library
DR AbdElwahab Library
10/04/2025
150.71109531 ق ح ط
000019643
10/04/2025
10/04/2025
Books
Place hold
Print
Add to your cart
(remove)
Save record
BIBTEX
Dublin Core
MARCXML
MARC (non-Unicode/MARC-8)
MARC (Unicode/UTF-8)
MARC (Unicode/UTF-8, Standard)
MODS (XML)
RIS
ISBD
More searches
Search for this title in:
Other Libraries (WorldCat)
Other Databases (Google Scholar)
Online Stores (Bookfinder.com)
Open Library (openlibrary.org)
Exporting to Dublin Core...
×
Simple DC-RDF
OAI-DC
SRW-DC